[Event "FRA-chT3 Gr12 0304"]
[Site "Loire"]
[Date "2003.11.16"]
[Round "3.1"]
[White "Genevrier, Pascal"]
[Black "Girardon, Jerome"]
[Result "1-0"]
[WhiteElo "2170"]
[BlackElo "2180"]
[PlyCount "51"]
[EventDate "2003.10.12"]
[EventType "team"]
[EventRounds "9"]
[EventCountry "FRA"]
[SourceTitle "EXT 2008"]
[Source "ChessBase"]
[SourceDate "2007.11.25"]
[SourceVersion "1"]
[SourceVersionDate "2007.11.25"]
[SourceQuality "1"]

1. c4 Nf6 2. g3 g6 3. Bg2 Bg7 4. Nc3 0-0 5. d3 c6 6. e4 Na6 7. Nge2 Nc7 8. 0-0 e5 9. h3 d6 10. Bg5 a5 11. Kh2 Ne6 12. Be3 h5 13. Qd2 h4 14. g4 Nh7 15. d4 exd4 16. Nxd4 Nxd4 17. Bxd4 Be6 18. b3 g5 19. Bxg7 Kxg7 20. f4 gxf4 21. Rad1 Qf6 22. Ne2 Rfd8 23. Nxf4 Qe5 24. Kh1 Nf6 25. Qe3 Nd7 26. Nd3 1-0